MARC details
| 000 -LEADER |
| fixed length control field |
01589cam a2200457 a 4500 |
| 001 - CONTROL NUMBER |
| control field |
22661 |
| 003 - CONTROL NUMBER IDENTIFIER |
| control field |
VRT |
| 005 - DATE AND TIME OF LATEST TRANSACTION |
| control field |
20260415135936.0 |
| 008 - FIXED-LENGTH DATA ELEMENTS--GENERAL INFORMATION |
| fixed length control field |
240314s1995 xo hoc rh 000 0 slo |
| 035 ## - SYSTEM CONTROL NUMBER |
| System control number |
SNK000337638 |
| 035 ## - SYSTEM CONTROL NUMBER |
| System control number |
urn:nbn:sk:snk-amkkpx |
| 035 ## - SYSTEM CONTROL NUMBER |
| System control number |
urn:nbn:sk:snk-am003v6z |
| 035 ## - SYSTEM CONTROL NUMBER |
| System control number |
1B7E1352-F920-4B9A-B530-82E47BB5A191 |
| 039 #9 - LEVEL OF BIBLIOGRAPHIC CONTROL AND CODING DETAIL [OBSOLETE] |
| Level of rules in bibliographic description |
202403141016 |
| Level of effort used to assign nonsubject heading access points |
VLOAD |
| Level of effort used to assign subject headings |
202402262117 |
| Level of effort used to assign classification |
VLOAD |
| Level of effort used to assign subject headings |
202105290935 |
| Level of effort used to assign classification |
AUTHORITY |
| Level of effort used to assign subject headings |
202105290930 |
| Level of effort used to assign classification |
AUTHORITY |
| 040 ## - CATALOGING SOURCE |
| Original cataloging agency |
SNK |
| Language of cataloging |
slo |
| Transcribing agency |
SNK |
| Modifying agency |
SAVUK |
| Description conventions |
AACR2 |
| 041 0# - LANGUAGE CODE |
| Language code of text/sound track or separate title |
slo |
| 043 ## - GEOGRAPHIC AREA CODE |
| Geographic area code |
n-us-oh |
| 044 ## - COUNTRY OF PUBLISHING/PRODUCING ENTITY CODE |
| MARC country code |
xo |
| ISO country code |
SK |
| 072 #7 - SUBJECT CATEGORY CODE |
| Subject category code |
929 |
| Subject category code subdivision |
Biografie |
| Source |
konspekt |
| 072 #7 - SUBJECT CATEGORY CODE |
| Subject category code |
314 |
| Subject category code subdivision |
Demografia. Populácia |
| Source |
konspekt |
| 100 1# - MAIN ENTRY--PERSONAL NAME |
| Personal name |
Hudák, Andrej F., |
| Dates associated with a name |
1928-2009 |
| Relationship |
aut |
| 245 10 - TITLE STATEMENT |
| Title |
Cesty životom |
| Statement of responsibility, etc. |
Andrew F. Hudak Jr. |
| 260 ## - PUBLICATION, DISTRIBUTION, ETC. |
| Place of publication, distribution, etc. |
Bratislava ; |
| -- |
Cleveland |
| Name of publisher, distributor, etc. |
s.n. |
| Date of publication, distribution, etc. |
1995 |
| 300 ## - PHYSICAL DESCRIPTION |
| Extent |
144 s. |
| Other physical details |
faks., fotogr., portréty |
| Dimensions |
21 cm |
| 500 ## - GENERAL NOTE |
| General note |
S venovaním aut. |
| 600 17 - SUBJECT ADDED ENTRY--PERSONAL NAME |
| Personal name |
Hudák, Andrej F., |
| Dates associated with a name |
1928-2009 |
| Source of heading or term |
SNKMA |
| 650 07 - SUBJECT ADDED ENTRY--TOPICAL TERM |
| Topical term or geographic name entry element |
emigranti |
| Source of heading or term |
SNKPH |
| 650 07 - SUBJECT ADDED ENTRY--TOPICAL TERM |
| Topical term or geographic name entry element |
Slováci |
| Source of heading or term |
SNKPH |
| 650 07 - SUBJECT ADDED ENTRY--TOPICAL TERM |
| Topical term or geographic name entry element |
politici |
| Source of heading or term |
SNKPH |
| 650 07 - SUBJECT ADDED ENTRY--TOPICAL TERM |
| Topical term or geographic name entry element |
Emigrants |
| Source of heading or term |
SNKPHeng |
| 650 07 - SUBJECT ADDED ENTRY--TOPICAL TERM |
| Topical term or geographic name entry element |
Slovaks |
| Source of heading or term |
SNKPHeng |
| 650 07 - SUBJECT ADDED ENTRY--TOPICAL TERM |
| Topical term or geographic name entry element |
Politicians |
| Source of heading or term |
SNKPHeng |
| 655 #7 - INDEX TERM--GENRE/FORM |
| Genre/form data or focus term |
autobiografické spomienky |
| Source of term |
SNKPH |
| 655 #7 - INDEX TERM--GENRE/FORM |
| Genre/form data or focus term |
Autobiographical reminiscences |
| Source of term |
SNKPHeng |
| 910 ## - USER-OPTION DATA (OCLC) |
| User-option data |
savuk |
| 942 ## - ADDED ENTRY ELEMENTS (KOHA) |
| Source of classification or shelving scheme |
Dewey Decimal Classification |
| Koha item type |
Odborná literatúra pre dospelých |
| Suppress in OPAC |
No |
| 949 ## - LOCAL PROCESSING INFORMATION (OCLC) |
| 6 |
17A0226998 |
| 9 |
P60, <03>, [BOOK], {603} |
| a |
snkSC 101007 |
| b |
snkD 58/2000 |
| s |
6100:20140925 |
| 949 ## - LOCAL PROCESSING INFORMATION (OCLC) |
| 6 |
2889177712 |
| a |
savukS 149803 |
| b |
savuk2012/1372 |
| 949 ## - LOCAL PROCESSING INFORMATION (OCLC) |
| 6 |
17A0484513 |
| a |
snkSC 101007 D1 |
| b |
snk2005/15811 |
| o |
975/04/isis |